Statistics for African countries 2 minutes

Click here to take the quiz!

General Stats

  • This quiz has been taken 15 times
  • The average score is 25 of 50

Answers on the Map

Answers color-coded by a green-red scale on the quiz's map according to % correct below.
 

Answer Stats

Answer% Correct
Algeria
80%
Chad
80%
Egypt
80%
Morocco
80%
Niger
80%
South Africa
80%
Ethiopia
73%
Madagascar
73%
Mozambique
73%
Namibia
73%
Nigeria
73%
Angola
67%
Mali
67%
Mauritania
67%
Senegal
67%
Somalia
67%
Zambia
67%
Eritrea
60%
Libya
60%
Central African Republic
53%
Comoros
53%
Gabon
53%
Ghana
53%
Lesotho
53%
Liberia
53%
Rwanda
53%
Togo
53%
Benin
47%
Botswana
47%
Burundi
47%
Cameroon
47%
Djibouti
47%
Gambia
47%
Guinea
47%
Seychelles
47%
Sierra Leone
47%
Tanzania
47%
Uganda
47%
Burkina Faso
40%
Guinea-Bissau
40%
Ivory Coast
40%
Mauritius
40%
Equatorial Guinea
33%
Cabo Verde
20%
Democratic Republic of Congo
13%
Tunesia
7%
Eswatini
Swaziland
0%
Replubic of Congo
0%
São Tomé and Príncipe
Sao tome and Principe
0%
Zibambwe
0%

Score Distribution

Percentile by Number Answered

Percent of People with Each Score

Your Score History

You have not taken this quiz